00240nam a2200109Ia 4500008004100000100001500041245002000056250000800076260003000084300000800114650000800122191201s2010 xx 000 0 und d aJAIRATH,AK 0aControl systems aRep c2010bAne BooksaN. delhi a349 aECE